Postage Stamp Catologue of the People's Republic of China: 1949 - 1980
Saved in:
| Corporate Author: | |
|---|---|
| Format: | Book |
| Language: | English |
| Published: |
Beijing
The Publishing House of the People's and Telecommunications
1982
|
| Subjects: | |
| Tags: |
Add Tag
No Tags, Be the first to tag this record!
|
MARC
| LEADER | 00000nam a2200000 a 4500 | ||
|---|---|---|---|
| 001 | UCZ8079 | ||
| 003 | CL-VaPUC | ||
| 008 | 960112e19820000CH |||||||||||||||||eng|d | ||
| 082 | 0 | 4 | |a 769.569 |b CHI |2 21 |
| 110 | 2 | |a China National Stamp Corporation |e author |9 353206 | |
| 245 | 1 | 0 | |a Postage Stamp Catologue of the People's Republic of China: 1949 - 1980 |
| 300 | |a 132 p | ||
| 942 | |c BK | ||
| 945 | |d 19960112 00:00:00 |a cmena | ||
| 260 | |a Beijing |b The Publishing House of the People's and Telecommunications |c 1982 | ||
| 650 | 7 | |a SELLOS DE CORREO |2 CL-VaPUC |9 353207 | |
| 650 | 7 | |a SIGILOGRAFIA |2 CL-VaPUC |9 353208 | |
| 650 | 7 | |a SERVICIO FILATELICO |2 CL-VaPUC |9 353209 | |
| 650 | 7 | |a SERVICIOS POSTALES |2 CL-VaPUC |9 353210 | |
| 650 | 7 | |a FILATELIA |2 CL-VaPUC |9 353211 | |
| 651 | 0 | |a China |9 257545 | |
| 583 | |a last modification |c 19960112 00:00:00 |k Rodrigo Vera | ||
| 999 | |c 244039 |d 244037 | ||
| 952 | |0 0 |1 0 |4 0 |6 769_569000000000000_CHI_1982 |7 0 |8 A |9 257956 |a BIBGIM |b BIBGIM |d 2019-11-19 |i 1616382 |o 769.569 CHI 1982 |p 1616382 |r 2025-01-15 |w 2019-11-19 |y BK |k ORI | ||